02062njm a2200349Ia 450000100060000000300090000600500170001500800410003204000130007304000130008604100130009910000110011210000180012310000380014124500490017925000110022826000110023926000550025030000100030530000290031550000210034450505650036551100450093065000570097570000630103270000680109570000800116370001470124370001450139070000820153570000950161725641IT-RoPAU20220918181203.0131025s9999 xx 000 0 und d aIT-RoPAU cIT-RoPAU aITALIANO aAA.VV. eAutore musica gCodice autore musica SPICS: 12000 aUna donna due donne un certo numero di donne a1a ed. aTORINO bCETRAc1975 [1a Ed.:1975 - Ed. Lingua Orig.: 1975] aDISCO c37 minuti (Testo: pag.) aCanzone italiana aArticolo 29 della Costituzione - Non sono ancora una donna (4:00) - Io mi annoio (3:00) - Le torture (2:00) - Per piacere di più al lui del momento (4:00) - Un certo numero di donne (3:00) - Un'amica (3:00) - Il mio corpo (4:00) - Spogliani (3:00) - E poi hai anche il coraggio di chiamarlo amore (4:00) - Vado via (4:00) - Non c'è nessuna differenza (4:00) - La creazione della donna (5:00) - Una pillola (3:00) - Stornelli sul lavoro (6:00) - Si, lo so che è quasi tutto (7:00) - Ah, la mama (2:00) - La favola di Maria (3:00) - Amore, ti amo... (3:00) aDirettore d'orchestra: Casellato Giorgio aCANZONE ITALIAN [DISCHI]eCodice MATERIA SPICS: 9950 aColli OmbrettagCodice interprete SPICS: 11558eInterprete aGaber GiorgiogCodice autore musica SPICS: 10906eAutore musica aColli OmbrettagCodice autore testo/musica SPICS: 11558eAutore testomusica aSimonettagCodice autore testo/musica SPICS: 16111eAutore testo/musicapNon c'è nessuna differenza - La creazione della donna - Una pillola aMelchiorregCodice autore testo/musica SPICS: 16112eAutore testo/musicapStornelli sul lavoro - Si, lo so che è quasi tutto - Ah, la mama aBosisiogCodice autore musica SPICS: 16113eAutore musicapLa favola di Maria aCatilinagCodice autore testo/musica SPICS: 16114eAutore testo/musicapLa favola di Maria